000 00375nam a2200157Ia 4500
008 230917s9999||||xx |||||||||||||| ||und||
020 _cPON22.5
040 _e23988
_aMAIN
041 _aEnglish
082 _a589.35 R761E
100 _aRound, F E
245 0 _aEcology of algae
260 _aCambridge
_bCambridge University Press
_c1984
300 _a653 p.
942 _cBK
999 _c43277
_d43277